000 00462nam a2200205Ia 4500
008 210210b1951 xxu||||| |||| 00| 0 eng d
041 _aeng
082 _a887/39
100 _aRAMACHANDRA RAO (S)
245 _aHeroines of the plays in kAlidAsa
260 _aBangalore
_b-
_c1951
650 _athe
650 _aplays
650 _aof
650 _akAlidAsa
650 _ain
650 _aHeroines
690 _aSanskrit Literature
906 _a024637
999 _c150260
_d150260